Statistics for Better Call Saul Trivia #K

Click here to take the quiz!

General Stats

  • This quiz has been taken 23 times
  • The average score is 7 of 15

Answer Stats

HintAnswer% Correct
Jimmys best friend and wifeKim
100%
Family who fled their home, trying to evade justiceKettleman
87%
Her full nameKimberly Wexler
87%
CEO of Mesa VerdeKevin Wachtell
73%
Dealer reporting to the Salamancas, later caught by the DEAKrazy-8
73%
Mikes grand-daughterKaylee
60%
Gets scammed over Tequila by Viktor and GiselleKen
53%
Slippin Jimmy tricks a woman into thinking he is __ __Kevin Costner
53%
Jimmy is in the prison __ when told a lawyer is visiting himKitchen
40%
Tuco gets his prison sentence extended because he __ a guyknifed
40%
German workerKai
27%
Mike instructs Jimmy to watch a guy and his __ in Los Pollos HermanosKnapsack
20%
Last episode of season 2Klick
13%
Student who doesnt win the scholarship but the sympathy of JimmyKristy Esposito
13%
Client of Saul Goodman, later killed by Walter White, friend of Jesse PinkmanKoyama
7%

Score Distribution

Percentile by Number Answered

Percent of People with Each Score

Your Score History

You have not taken this quiz